Lectures on Monte Carlo Methods
Αποθηκεύτηκε σε:
| Κύριος συγγραφέας: | |
|---|---|
| Μορφή: | Βιβλίο |
| Γλώσσα: | English |
| Δημοσίευση: |
Providence, R.I. :
American Mathematical Society,
c2002
|
| Σειρά: | Fields Institute monographs ;
; 16 |
| Θέματα: | |
| Ετικέτες: |
Προσθήκη ετικέτας
Δεν υπάρχουν, Καταχωρήστε ετικέτα πρώτοι!
|
MARC
| LEADER | 00000nam a2200000 i 4500 | ||
|---|---|---|---|
| 001 | 1/49546 | ||
| 008 | 070730s2002 eng d | ||
| 020 | |a 0-8218-2978-5 | ||
| 035 | |l 10089214 | ||
| 040 | |a GR-MY-UA |b gre |e aacr | ||
| 041 | 0 | |a eng | |
| 082 | 0 | |a 519.282 |2 (22) | |
| 100 | 1 | |a Madras, Neal Noah |d 1957- | |
| 245 | 1 | 0 | |a Lectures on Monte Carlo Methods / |c Neal Madras |
| 260 | |a Providence, R.I. : |b American Mathematical Society, |c c2002 | ||
| 300 | |a viii, 103 σ.; |b εικ.; |c 27 εκ. | ||
| 490 | 1 | |a Fields Institute monographs |v ; 16 | |
| 504 | |a Βιβλιογραφία: σ.101-103 | ||
| 650 | 0 | 0 | |a Monte Carlo method. |
| 830 | 0 | |a Fields Institute monographs ; |v ; 16 | |
| 852 | |a INST |b SAMOS |e 20070730 |h 519.282 MAD |p 005300025784 |q 005300025784 |t BK |y 0 | ||
| 901 | |a BIBL3-2007-2 | ||
| 909 | |a Σ |b 135831 | ||
| 922 | |a 3ΕΛΗ |b 200706 |c ΕΠΕΑΕΚ2/ΤΣΑΕ |d ΕΛΕΥΘΕΡΟΥΔΑΚΗΣ | ||
| 970 | |a ΚΟΣΙΕΡΗΣ |b ΧΡΗΣΤΟΣ |z 2007/07/30 | ||